02282nam a2200385Ia 450000500170000000800410001702000150005804100080007308200150008110000340009624500700013025000220020030000180022249000500024065000440029065000330033465000380036794200120040526400540041733600270047133700330049833800280053104000350055999900150059495201280060995201300073795201290086795201270099695201280112395201330125195201270138495201280151195201280163995201290176720220316235612.0121119s2003 ck gr 000 0 spa  a95868325970 aspa04a657 bR62c1 aRodríguez Valencia, Gustavo10aContabilidad, costos y presupuestoscGustavo Rodríguez Valencia aPrimera edición a146 páginas0 aGerencia y gestión de empresas cooperativas14aAdministración de cooperativas 2LEMB14aContabilidad xCostos 2LEMB14aPlaneación estratégica 2LEMB 2ddccBK aBogotá bPontificia Universidad Javerianac2003 atextobtxt2rdacontent asin mediaciónbn2rdamedia avolumenbnc2rdacarrier aCO-BoRNBPbspaerdacCO-BoRNBP c1509d1509 00102ddc40708GENaMEDORADObMEDORADOcGENd2022-12-30l0o657 R62cpDOR00618r2022-12-30 00:00:00tEj.1w2022-12-30yBK 00102ddc40708GENaMEGUAMALbMEGUAMALcGENd2023-03-24l0o657 R62cpGUA002700r2023-03-24 00:00:00tEj.1w2023-03-24yBK 00102ddc40708GENaMEFTEORObMEFTEOROcGENd2023-05-23l0o657 R62cpFo0000793r2023-05-23 00:00:00tEj.1w2023-05-23yBK 00102ddc40708GENaMECASTILbMECASTILcGENd2023-07-31l0o657 R62cpEC01212r2023-07-31 20:39:32tEj.1w2023-07-31yBK 00102ddc40708GENaMECUBARRbMECUBARRcGENd2023-08-10l0o657 R62cpCUB02725r2023-08-10 22:10:24tEj.1w2023-08-10yBK 00102ddc40708GENaMELEJANIbMELEJANIcGENd2023-08-30l0o658.4012 M22ppLEJ00700r2023-08-30 22:06:05tEj.1w2023-08-30yBK 00102ddc40708GENaMECUMARAbMECUMARAcGENd2024-06-14l0o657R62cpCUM00543r2024-06-14 10:27:35tEj.1w2024-06-14yBK 00102ddc40708GENaMESGUARObMESGUAROcGENd2025-06-04l0o657 R62cpSG03228r2025-06-04 16:25:04tEj.1w2025-06-04yBK 00102ddc40708GENaMEBAUPIAbMEBAUPIAcGENd2025-07-08l0o657 R62cpBUP1760r2025-07-08 14:53:47tEj.1w2025-07-08yBK 00102ddc40708GENaMEPLOPEZbMEPLOPEZcGENd2025-07-15l0o657 R62cpPLZ02476r2025-07-15 15:18:23tEj.1w2025-07-15yBK